Jubliee Kumar The life and Time of a Superstar (Record no. 182696)

MARC details
000 -LEADER
fixed length control field 00636nam a22001937a 4500
005 - DATE AND TIME OF LATEST TRANSACTION
control field 20211202101808.0
010 ## - LCCN (DPL NO)
LC control number ENG-130166
020 ## - INTERNATIONAL STANDARD BOOK NUMBER
International Standard Book Number 978-93-88322-39-3
Terms of availability 599.00
035 ## - SYSTEM CONTROL NUMBER
System control number EN-113698
037 ## - SOURCE OF ACQUISITION
Source of stock number/acquisition DBAD/PUB
082 ## - DEWEY DECIMAL CLASSIFICATION NUMBER
Classification number 791.43
100 ## - MAIN ENTRY--PERSONAL NAME
Personal name Alimchand, Seema Sonik.
245 ## - TITLE STATEMENT
Title Jubliee Kumar The life and Time of a Superstar
Statement of responsibility, etc Seema Sonik Alimchand
250 ## - EDITION STATEMENT
Edition statement 2020
260 ## - PUBLICATION, DISTRIBUTION, ETC. (IMPRINT)
Name of publisher, distributor, etc Hachette Book Publishing India Pvt. Ltd
Date of publication, distribution, etc 2020
270 ## - ADDRESS
Address 4th/5th Floors, Corporate Centre, Plot No. 94, Sector 44
City Gurugram
Postal code 122003
300 ## - PHYSICAL DESCRIPTION
Extent xii, 303p.
Dimensions 22cm (hbk)
Other physical details Forward
942 ## - ADDED ENTRY ELEMENTS (KOHA)
Source of classification or shelving scheme Dewey Decimal Classification
Item type English Books
Classification part 791.43
Call number suffix SEE
Holdings
Withdrawn status Lost status Not for loan Collection code Home library Current library Date acquired Source of acquisition Cost, normal purchase price Full call number Barcode Copy number Cost, replacement price Koha item type
      Non-fiction Shahdara Branch Shahdara Branch 02/12/2021 DBAD/PUB 599.00 791.43 SEE EN-113698 1 599.00 English Books

© Delhi Public Library
Hit Counter
free hit counter